North American Physical Geography by Picture - Statistics

General Stats
  • This quiz has been taken 344 times
  • The average score is 11 of 15
Answer Stats
Picture Hint Answer % Correct
waterfall Niagara Falls
97%
canyon Grand Canyon
95%
lake Lake Michigan
90%
island Manhattan
87%
peninsula Yucatan Peninsula
87%
island Cuba
86%
mountain Denali
85%
wetlands Everglades
79%
river Mississippi River
76%
archipelago Bahamas
75%
island Puerto Rico
73%
isthmus Isthmus of {Panama}
66%
basin Death Valley
60%
"alley" Tornado Alley
54%
butte Devil's Tower
30%
No matching quizzes found
Score Distribution
Percent of People with Each Score
Percentile by Number Answered
Your Score History
You have not taken this quiz